• 首页
  • 本馆介绍
  • 公告通知
  • 最新文献
  • 馆藏检索
  • 电子资源
  • 读者导购
  • 参考咨询
  • 我的图书馆
  • 登录
  • 详细信息显示
  • 放入我的书架
  • 预约/预借图书
  • 作者相关作品
  • 分类相关作品
  • 丛书相关作品
  • 出版社相关作品

书目信息

  • 表格格式
  • 工作单格式
  • 卡片格式
题名:
我在通用汽车的岁月
    
 
作者: 斯隆 , 艾尔佛雷德·P·斯隆 著 ;刘昕 译
分册:  
出版信息: 北京   京华出版社  2004
页数: 447页
开本: 23cm
丛书名:
单 册:
中图分类: K837.125.38=533
科图分类:
主题词: 汽车工业--企业家--传记--美国 , 汽车工业--工业史--美国 , 企业家 , 汽车工业 , 工业史
电子资源:
ISBN: 7-80600-951-5
000 01478nam0 2200409 450
000 01443nam0 2200397 450
000 01406nam0 2200385 450
000 01326nam0 2200397 450
000 01289nam0 2200385 450
000 01222nam0 2200361 450
001 0104000022
005 20061025100128.96
010    @a7-80600-951-5@dCNY39.80
100    @a20051012d2004 em y0chiy0110 ea
101 1  @achi@ceng
102    @aCN@b110000
105    @aa z 000ya
200 1  @a我在通用汽车的岁月@Awo zai tong yong qi che de sui yue@e斯隆自传@f(美)艾尔佛雷德·P·斯隆著@F(mei)ai er fo lei de·P·si long zhu@g刘昕译
210    @a北京@c京华出版社@d2004
215    @a447页@c照片@d23cm
330    @a本书从逻辑角度叙述了经营故事,既是通用汽车总裁斯隆的传记,又是通用汽车的工业史,包括重大的机遇、组织的概念、产品政策及其起源、“铜冷”发动机等内容。
510 1  @aMy Years with General Motors@zeng
517 1  @a斯隆自传@9si long zi zhuan
606 0  @a汽车工业@x企业家@x传记@y美国
606 0  @a汽车工业@x工业史@y美国
606 0  @a企业家
606 0  @a汽车工业
606 0  @a工业史
610 0  @a斯隆(1875~1966)
690    @aK837.125.38=533@v4
701  0 @a斯隆@9si long@4著
701  0 @a艾尔佛雷德·P·斯隆@Aai er fo lei de·P·si long@4著
702  0 @a刘昕@9liu xin@f(1970.1~)@4译
801  0 @aCN@b北京荣雅伟业图书经销中心@c20061025
905    @aBZT@dK837.125.38=533@e1
906    @dCNY39.80@n0@r1
    
    我在通用汽车的岁月:斯隆自传/(美)艾尔佛雷德·P·斯隆著/刘昕译.-北京:京华出版社,2004
    447页:照片;23cm
    
    
    ISBN 7-80600-951-5:CNY39.80
    本书从逻辑角度叙述了经营故事,既是通用汽车总裁斯隆的传记,又是通用汽车的工业史,包括重大的机遇、组织的概念、产品政策及其起源、“铜冷”发动机等内容。
●
相关链接 在五车中查询图书 在当当中查询图书 在豆瓣中查询图书


正题名:我在通用汽车的岁月     索取号:K837.125.38=533/1         预约/预借

序号 登录号 条形码 馆藏地/架位号 状态 备注
1 509831   230092823   中心书库南/016架A面2层8列/ [索取号:K837.125.38=533/1] 在馆    
2 509832   230092824   中心书库南/016架A面2层8列/ [索取号:K837.125.38=533/1] 在馆    
3 509833   230092826   中心书库南/016架A面2层8列/ [索取号:K837.125.38=533/1] 在馆    
4 509834   230092825   中心书库南/016架A面3层8列/ [索取号:K837.125.38=533/1] 在馆    
5 509835   230092828   中心书库南/016架A面3层8列/ [索取号:K837.125.38=533/1] 在馆    
山东省滨州职业学院图书馆 欢迎您!
大连网信软件有限公司© 版权所有